Представление документа в формате MARC21

Поле Инд. ПП Название Значение
Тип записи a
Библиографический уровень m
001 Контрольный номер RU/IS/BASE/264535529
005 Дата корректировки 20250425175247.4
008 Кодируемые данные 19960123
040 00 e Правила каталог. Л 960123
084 a Индекс другой классификации/Индекс ББК 87.3(4Гем)5-514я44; 87.3(4Гем)5-8Лейбниц Г. В.я44
090 00 a Полочн. индекс 87.3(4Гем)5-514я44 испр.
x Авторский знак Л 429
097 00 a 230
100 10 a Автор Лейбниц Г. В.
q Полное имя Лейбниц Готфрид Вильгельм
245 00 a Заглавие Сочинения
b Продолж. заглавия в 4 т.
c Ответственность редакция, составление, вступительная статья, примечания В. В. Соколова; перевод латинского, с французского, немецкого Я. М. Боровского; редколлегия: Б. Э. Быховский, Г. Г. Майоров, И. С. Нарский, А. Л. Субботин
n Номер части/ раздела Т.1
260 00 a Место издания Москва
b Издательство Мысль
c Дата издания 1982
300 00 a Объем 636 с.
b Иллюстрации/ тип воспроизводства портр.
336 a Термин вида содержания Текст
337 a Термин типа средства непосредственный
440 00 a Серия Философское наследие
v N тома Т.85
504 a Библиография Примеч.: с. 571-614. - Указ. имен: с. 615-625. - Предм. указ.: с. 626-634
505 0_ a Форматированное содержание Было время...
505 0_ a Форматированное содержание Два отрывка о принципе непрерывности
505 0_ a Форматированное содержание Два отрывка о свободе
505 0_ a Форматированное содержание Есть Совершеннейшее Существо
505 0_ a Форматированное содержание Краткое доказательство примечательной ошибки Декарта...
505 0_ a Форматированное содержание Критика основоположений преподобного отца Мальбранша
505 0_ a Форматированное содержание Лейбниц - Бейлю
505 0_ a Форматированное содержание Материя, взятая в себе
505 0_ a Форматированное содержание Монадология
505 0_ a Форматированное содержание Начала природы и благодати, основанные на разуме
505 0_ a Форматированное содержание Новая система природы и общения между субстанциями, а также о связи, существующей между душой и телом
505 0_ a Форматированное содержание О глубинном происхождении вещей
505 0_ a Форматированное содержание О первой материи
505 0_ a Форматированное содержание О предопределенности
505 0_ a Форматированное содержание О приумножении наук
505 0_ a Форматированное содержание О самой природе, или природной силе и деятельности творений
505 0_ a Форматированное содержание Об усовершенствовании первой философии и о понятии субстанции
505 0_ a Форматированное содержание Опровержение атомов, почерпнутое из [идеи] соприкосновения атомов
505 0_ a Форматированное содержание Опыт рассмотрения динамики...
505 0_ a Форматированное содержание Ответ на размышления... г-на Бейля в системе предустановленной гармонии
505 0_ a Форматированное содержание Переписка с Кларком
505 0_ a Форматированное содержание Переписка с Николаем Ремоном
505 0_ a Форматированное содержание Письма к Гоббсу
505 0_ a Форматированное содержание Письмо к Косту о "необходимости и случайности"
505 0_ a Форматированное содержание Письмо к Якобу Томазию о возможности примирить Аристотеля с новой философией
505 0_ a Форматированное содержание Порядок есть в природе...
505 0_ a Форматированное содержание Против варварства в физике за реальную философию...
505 0_ a Форматированное содержание Против картезианцев, о законах природы и истинной оценке движущих сил
505 0_ a Форматированное содержание Размышления о жизненных началах и о пластических натурах
505 0_ a Форматированное содержание Размышления относительно учения о едином всеобщем духе
505 0_ a Форматированное содержание Разъяснение трудностей, обнаруженных г-ном Бейлем в новой концепции о взаимосвязи души и тела
505 0_ a Форматированное содержание Рассуждение о метафизике
505 0_ a Форматированное содержание Свидетельство природы против атеистов
505 0_ a Форматированное содержание Славнейшему мужу Томасу Гоббсу Готфрид Вильгельм Лейбниц
505 0_ a Форматированное содержание Существуют две секты натуралистов...
505 0_ a Форматированное содержание Философский синтез Готфрида Лейбница
600 14 a Персоналии Аристотель
a Персоналии Бейль Пьер
a Персоналии Галилей Галилео
a Персоналии Гассенди Пьер
a Персоналии Гоббс Томас
a Персоналии Гюйгенс Христиан
a Персоналии Декарт Рене
a Персоналии Демокрит
a Персоналии Кларк Сэмюэль
a Персоналии Лейбниц Готфрид Вильгельм
a Персоналии Локк Джон
a Персоналии Мальбранш Никола
a Персоналии Мор Генри
a Персоналии Ньютон Исаак
a Персоналии Платон
a Персоналии Спиноза Бенедикт
a Персоналии Цицерон Марк Туллий
a Персоналии Эпикур
650 04 a Основная рубрика история философии
a Основная рубрика философия
653 00 a Ключевые слова XVII век
a Ключевые слова XVIII век
a Ключевые слова антитипия
a Ключевые слова антропология
a Ключевые слова атеизм
a Ключевые слова атомы
a Ключевые слова биографии
a Ключевые слова благо
a Ключевые слова Бог
a Ключевые слова величина
a Ключевые слова возможности
a Ключевые слова воля
a Ключевые слова восприятие
a Ключевые слова время
a Ключевые слова Вселенная
a Ключевые слова гармония
a Ключевые слова Германия
a Ключевые слова государство
a Ключевые слова движение
a Ключевые слова деизм
a Ключевые слова детерминизм
a Ключевые слова диалектика
a Ключевые слова дух
a Ключевые слова душа
a Ключевые слова жизнь
a Ключевые слова законы
a Ключевые слова знания
a Ключевые слова идеи
a Ключевые слова искусство
a Ключевые слова исследования
a Ключевые слова истина
a Ключевые слова исторический процесс
a Ключевые слова картезианство
a Ключевые слова качество
a Ключевые слова количество
a Ключевые слова красота
a Ключевые слова культура
a Ключевые слова математика
a Ключевые слова материя
a Ключевые слова метафизика
a Ключевые слова методология
a Ключевые слова мир
a Ключевые слова мировоззрение
a Ключевые слова монады
a Ключевые слова монадология
a Ключевые слова мышление
a Ключевые слова науки
a Ключевые слова начало
a Ключевые слова непрерывность
a Ключевые слова новое время
a Ключевые слова объекты
a Ключевые слова опыт
a Ключевые слова переписка
a Ключевые слова познание
a Ключевые слова покой
a Ключевые слова понятие
a Ключевые слова порядок
a Ключевые слова принципы
a Ключевые слова природа
a Ключевые слова причины
a Ключевые слова провидение
a Ключевые слова пространство
a Ключевые слова протяженность
a Ключевые слова пустота
a Ключевые слова разум
a Ключевые слова рационализм
a Ключевые слова религиозная этика
a Ключевые слова религия
a Ключевые слова свобода
a Ключевые слова сенсориум
a Ключевые слова сила
a Ключевые слова синтез
a Ключевые слова смерть
a Ключевые слова сознание
a Ключевые слова социальная философия
a Ключевые слова социальная этика
a Ключевые слова субстанции
a Ключевые слова субъект
a Ключевые слова сущность
a Ключевые слова телеология
a Ключевые слова теодицея
a Ключевые слова теология
a Ключевые слова ум
a Ключевые слова универсум
a Ключевые слова физика
a Ключевые слова философия религии
a Ключевые слова философская антропология (философия человека)
a Ключевые слова философские учения
a Ключевые слова философы
a Ключевые слова форма
a Ключевые слова христианство
a Ключевые слова чувства
a Ключевые слова чудеса
a Ключевые слова энтелехия
700 10 a Автор Соколов В. В.
e Роль лиц редактор; составитель; автор вступительной статьи; автор примечаний
700 10 a Автор Боровский Я. М.
e Роль лиц переводчик
700 12 a Автор Кребер В. Г.
e Роль лиц переводчик
700 12 a Автор Преображенский В. П.
e Роль лиц переводчик
700 12 a Автор Свидерский В. И.
e Роль лиц переводчик
700 12 a Автор Файбусович Г. М.
e Роль лиц переводчик
700 12 a Автор Быховский Б. Э.
e Роль лиц редактор
700 12 a Автор Майоров Г. Г.
e Роль лиц редактор
700 12 a Автор Нарский И. С.
e Роль лиц редактор
700 12 a Автор Субботин А. Л.
e Роль лиц редактор
901 t Тип документа m
952 a Тип литературы для КСУ ВШ НАУ